000 00716nas a2200253 4500
001 BR8202434
003 BR-BrBNA
005 20231205085144.0
007 ta
008 230509b bl.|||p| |||| 00| 00por d
040 _aBR-BrBNA
_bpor
_cBiblioteca Nacional de Agricultura
041 _a(Pt)
072 _aL30
100 1 _aPupo, N.I.H.
245 1 _aGuandu: proteina a baixo custo [fenacao, Cajanus cajan, equino]
650 _aEQUINO
650 _aGUANDU
650 _aPROTEINA
650 _aFENACAO
650 _aVALOR NUTRITIVO
773 0 _tAgricultura de Hoje (Brazil)
_xISSN 0100-5707
_g(Jul 1982), v. 8(82) p. 10-11
_wBR8202434
909 _a202311
_bLúcia
_c55
_dLúcia Elande
942 _2AGRIS
_n0
_cANA
999 _c109596
_d109596